Puntos estratégicos : cómo tomar decisiones tres veces más rápidamente, hacer innovaciones más inteligentes y vencer a los competidores (¡no es fácil!) /
Guardado en:
| Autor Principal: | |
|---|---|
| Formato: | Libro |
| Idioma: | Spanish |
| Publicado: |
México ; Buenos Aires :
McGraw-Hill /Interamericana de México,
c1990.
|
| Edición: | 1a. ed. en español. |
| Materias: | |
| Etiquetas: |
Agregar Etiqueta
Sin Etiquetas, Sea el primero en etiquetar este registro!
|
| LEADER | 00882nam a22001935 4500 | ||
|---|---|---|---|
| 001 | EAD.ead003263 | ||
| 008 | 080718s1990####ag#######b####001#0#spa#d | ||
| 005 | 20120918124849.0 | ||
| 245 | 1 | 0 | |a Puntos estratégicos : |b cómo tomar decisiones tres veces más rápidamente, hacer innovaciones más inteligentes y vencer a los competidores (¡no es fácil!) / |c Michael Kami ; traducción, Juan Gonzalo Londoño J. con la asesoría de Orión Traducciones. |
| 250 | |a 1a. ed. en español. | ||
| 260 | |a México ; |a Buenos Aires : |b McGraw-Hill /Interamericana de México, |c c1990. | ||
| 300 | |a 278 p. ; |c 21 cm. | ||
| 500 | |a Traducción de: Trigger points. | ||
| 504 | |a Incluye bibliografía e índice. | ||
| 020 | |a 9684228104 | ||
| 100 | 1 | |a Kami, Michael J, |d 1922- | |
| 082 | 0 | 4 | |a 658.403 |2 21 |
| 650 | 7 | |a Toma de decisiones. |2 unbist | |
| 859 | |a AR-BaBDC |b BIB. ADMINISTRACION - Libros |h 658.403 |i K128 |p b02606 | ||
